[Event "St Petersburg Summer op"]
[Site "St Petersburg"]
[Date "2017.08.23"]
[Round "8"]
[White "Kaitukov, Arsen"]
[Black "Yaroslavtsev, Artem"]
[Result "0-1"]
[WhiteElo "1852"]
[BlackElo "2006"]
[PlyCount "78"]
[EventDate "2017.08.16"]
[EventType "swiss"]
[EventRounds "9"]
[EventCountry "RUS"]
[SourceTitle "CBM 180 Extra"]
[Source "ChessBase"]
[SourceDate "2017.10.06"]
[SourceVersion "1"]
[SourceVersionDate "2017.10.06"]
[SourceQuality "1"]

1. e4 c5 2. Nf3 d6 3. Bc4 Nf6 4. Nc3 a6 5. a4 e6 6. d3 Be7 7. Bf4 0-0 8. 0-0 b6 9. Qd2 Bb7 10. Ng5 Nh5 11. Nh3 Nxf4 12. Qxf4 Nd7 13. Rfe1 Nf6 14. Rad1 Qc7 15. Bb3 Bc6 16. Ng5 Bd7 17. Ne2 b5 18. axb5 axb5 19. Nc1 c4 20. Ba2 e5 21. Qd2 h6 22. Nf3 Be6 23. Bb1 Rfd8 24. c3 d5 25. exd5 Rxd5 26. Qe2 Bf5 27. Nxe5 Bd6 28. f4 Re8 29. h3 Bxe5 30. fxe5 Rdxe5 31. Qf1 Rxe1 32. Rxe1 Rxe1 33. Qxe1 Qf4 34. Kh1 Nh5 35. g4 Qf3+ 36. Kg1 Nf4 37. Qf1 Nxh3+ 38. Qxh3 Qxh3 39. gxf5 Qe3+ 0-1